<?xml version="1.0" encoding="UTF-8"?>
<collection xmlns="http://www.loc.gov/MARC21/slim">
 <record>
  <leader>     na                 </leader>
  <controlfield tag="001">INLIS000000000008135</controlfield>
  <controlfield tag="005">20251216102652</controlfield>
  <datafield tag="035" ind1=" " ind2=" ">
   <subfield code="a">0010-0322000154</subfield>
  </datafield>
  <controlfield tag="006">aa   g      000 0d</controlfield>
  <controlfield tag="007">ta</controlfield>
  <controlfield tag="008">220304                g          d ind  </controlfield>
  <datafield tag="040" ind1=" " ind2=" ">
   <subfield code="a">JKPNPNA</subfield>
   <subfield code="b">ind</subfield>
   <subfield code="e">rda</subfield>
  </datafield>
  <datafield tag="100" ind1=" " ind2=" ">
   <subfield code="a">Viyanti,</subfield>
   <subfield code="e">Pengarang</subfield>
   <subfield code="e">Viyanti,</subfield>
   <subfield code="e">Pengarang</subfield>
  </datafield>
  <datafield tag="245" ind1="1" ind2=" ">
   <subfield code="a">Perkembangan sejarah fisika dari masa ke masa :</subfield>
   <subfield code="b">diungkap melalui 165 pertanyaan /</subfield>
   <subfield code="c">Viyanti, Feriansyah Sesunan</subfield>
  </datafield>
  <datafield tag="250" ind1=" " ind2=" ">
   <subfield code="a">Edisi pertama</subfield>
  </datafield>
  <datafield tag="300" ind1=" " ind2=" ">
   <subfield code="a">xii, 192 halaman :</subfield>
   <subfield code="b">ilustrasi ;</subfield>
   <subfield code="c">24 cm</subfield>
  </datafield>
  <datafield tag="504" ind1=" " ind2=" ">
   <subfield code="a">Bibliografi : halaman 163-92</subfield>
  </datafield>
  <datafield tag="020" ind1=" " ind2=" ">
   <subfield code="a">978-623-228-660-3</subfield>
  </datafield>
  <datafield tag="082" ind1=" " ind2=" ">
   <subfield code="a">530.09</subfield>
  </datafield>
  <datafield tag="084" ind1=" " ind2=" ">
   <subfield code="a">530.09 VIY p</subfield>
  </datafield>
  <datafield tag="264" ind1=" " ind2=" ">
   <subfield code="a">Yogyakarta : :</subfield>
   <subfield code="b">Graha Ilmu,,</subfield>
   <subfield code="c">2020</subfield>
  </datafield>
  <datafield tag="336" ind1=" " ind2=" ">
   <subfield code="2">rdacontent</subfield>
   <subfield code="a">teks</subfield>
  </datafield>
  <datafield tag="337" ind1=" " ind2=" ">
   <subfield code="2">rdamedia</subfield>
   <subfield code="a">tanpa perantara</subfield>
  </datafield>
  <datafield tag="338" ind1=" " ind2=" ">
   <subfield code="2">rdacarrier</subfield>
   <subfield code="a">volume</subfield>
  </datafield>
  <datafield tag="520" ind1=" " ind2=" ">
   <subfield code="a">Buku yang berjudul &quot;Perkembangan Sejarah Fisika Dari Masa Ke Masa:Diungkap Melalui 165 Pertanyaan ini merupakan buku hasil kompilasi beberapa penulis yang berkompetensi dibidang perkembangan sejarah fisika. Buku ini didasarkan atas kebutuhan mahasiswa terkait bahan bacaan: Perkembangan Fisika Pada Masa Babilonia; Perkembangan Fisika Pada Masa Mesir Kuno; Perkembangan Fisika Pada Masa Yunani Kuno; Perkembangan Fisika Pada Masa Islam; Perkembangan Fisika Pada Fisika Klasik; Perkembangan Fisika Pada Fisika Modern, Perkembangan lImu Mekanika, Perkembangan lImu Panas, Perkembangan lImu Optik; Perkembangan IImu Termodinamika; Perkembangan lImu Elektrodinamika; Perkembangan lImu Gelombang. Buku ini disusun bertujuan untuk membelajarkan mahasiswa konsep dasar perkembangan keilmuan fisika dari awal perkembangan fisika sampai dengan saat ini sehingga diharapkan mahasiswa mampu menguasai pengetahuan fisika secara utuh serta dapat mengembangkan dan mengaplikasikannya dalam pembelajaran di sekolah.</subfield>
  </datafield>
  <datafield tag="600" ind1=" " ind2="4">
   <subfield code="a">Fisika - sejarah</subfield>
  </datafield>
  <datafield tag="850" ind1=" " ind2=" ">
   <subfield code="a">JKPNPNA</subfield>
  </datafield>
  <datafield tag="990" ind1=" " ind2=" ">
   <subfield code="a">022.6692</subfield>
  </datafield>
  <datafield tag="990" ind1=" " ind2=" ">
   <subfield code="a">022.6691</subfield>
  </datafield>
  <datafield tag="990" ind1=" " ind2=" ">
   <subfield code="a">022.6690</subfield>
  </datafield>
 </record>
</collection>
